000 01492cam a2200397 i 4500
001 393113
003 OSt
005 20140310182118.0
008 791204t19801978nyu b 001 0 eng
010 _a 79028368
020 _a0671254308 (pbk.)
040 _aDLC
_cDLC
_dDLC
043 _an-us-ca
050 1 0 _aF 869.V36
_b.M9 1978
082 0 0 _aHS 979.4
_b.My99 1978
100 1 _aMyerhoff, Barbara G.
_913834
245 1 0 _aNumber our days /
_cBarbara Myerhoff.
250 _a1st Touchstone ed.
260 _aNew York, N.Y. :
_bSimon and Schuster,
_cc1978.
300 _axvii, 318 p. ;
_c21 cm.
490 0 _aA Touchstone book
500 _aIncludes index.
504 _aBibliography.
541 _j1
562 _e1
650 0 _aJews
_zCalifornia
_zVenice
_xSocial life and customs.
_913835
650 0 _aSocial work with older people
_zCalifornia
_zVenice.
_913836
650 0 _aOlder people
_zCalifornia
_zVenice.
_913837
651 0 _aVenice (Los Angeles, Calif.)
_xSocial life and customs.
_913838
856 4 2 _3Contributor biographical information
_uhttp://www.loc.gov/catdir/bios/simon051/79028368.html
856 4 1 _3Sample text
_uhttp://www.loc.gov/catdir/samples/simon031/79028368.html
856 4 2 _3Publisher description
_uhttp://www.loc.gov/catdir/description/simon031/79028368.html
856 4 1 _3Table of contents only
_uhttp://www.loc.gov/catdir/enhancements/fy0631/79028368-t.html
906 _a7
_bcbc
_corignew
_d1
_eocip
_f19
_gy-gencatlg
942 _2lcc
_cHS
999 _c9494
_d9494